Statistiques concernant Retrouvez tous ces jeux-vidéos par indice ! N°1 [A à F]

Cliquez ici pour prendre le quiz!

Statistiques générales

  • Ce quiz a été pris 189 fois
    (183 depuis la dernière actualisation)
  • Le résultat moyen est 18 sur 64

Statistiques - réponses

IndicesJeux% Correct
#4 - Suite à la pandémie de Covid-19, ce jeu obtient une hausse de popularité, notamment sur Twitch où le principe est de savoir qui est le fameux imposteur permis d'autres joueurs.Among Us
88%
#5 - Jeu de simulation de vie très populaire de Nintendo, où les habitants sont tous des animaux.Animal Crossing
87%
#7 - Si je vous dit seulement : Ezio Auditore, Desmond Miles, Altaïr Ibn-La'Ahad.Assassin's Creed
76%
#1 - Édité par EA et jouable uniquement en coopération jusqu'à deux joueurs, on y incarne deux prisonniers, qui vont coopérer pour tenter de s'évader de prison.A Way Out
62%
#20 - Célèbre jeu de tir à la première personne d'Activision qui persiste depuis 2003 sur toutes les plateformes.Call of Duty
62%
#6 - Battle Royale développé par EA se déroulant dans le même univers qu'un certain Titanfall.Apex Legends
55%
#2 - Célèbre jeu de stratégie en temps réel de Microsoft depuis 1997, où le joueur doit développer sa civilisation à travers différentes époques.Age of Empires
49%
#28 - Le célèbre de jeu de tir compétitif de Valve.Counter Strike
49%
#32 - Très célèbre saga d'action-RPG développé par From Software que l'on considère très souvent difficile à terminer, et ayant son propre genre de jeu (...-like) tiré de son nom.Dark Souls
49%
#31 - Jeu de type shoot'em up et de plateformes, où on y incarne une tasse anthropomorphique enchaînant des combats de boss ultra difficile.Cuphead
47%
#41 - Célèbre MMO-RPG français développé par Ankama.Dofus
47%
#62 - Epic Games depuis 2017.Fortnite
46%
#30 - Très célèbre saga de jeux de plateformes développé par Naughty Dog et exclusive aux consoles de Sony, où on y retrouve un personnage emblématique comme le Dr. Néo Cortex.Crash Bandicoot
43%
#47 - Célèbre Souls-like en monde ouvert ayant décrocher le prix de meilleur jeu de l'année 2022, et que certains arrivent à finir en y jouant avec un tapis de dance.Elden Ring
43%
#16 - Saga mythique de 2K Games qui prend place dans les années 60, et où le personnage principal découvre une ville sous-marine après un crash d'avion se nommant Rapture.Bioshock
42%
#57 - L'interminable et mythique saga de J-RPG développé et édité par Square Enix, où on y retrouve des personnages comme Cloud, Djidane, ou encore Tidus.Final Fantasy
42%
#55 - Mythique saga post-apocalyptique de Bethesda, où le joueur sort d'un bunker et doit survivre tout en effectuant diverses quêtes.Fallout
41%
#51 - Le plus connue des jeux de simulation de camion, développé par SCS Software.Euro Truck Simulator
37%
#35 - Jeu de type survival-horror multijoueur compétitif et asymétrique de 5 joueurs, où l'un d'entre eux prend le rôle de tueur qui a pour but de sacrifier les autres joueurs appelés Survivants, pendant qu'ils tentent de réparer des générateurs.Dead by Daylight
36%
#42 - Saga de FPS très connue développé par Bethesda et très souvent qualifié de bourrin, où on y incarne un marine de l'espace.Doom
34%
#11 - Jeu de plateforme développé par Rare qui voit le jour pour la première fois sur Nintendo 64, où on suit les aventures d'un ours accompagné de son ami qui est un oiseau.Banjo-Kazooie
33%
#40 - Série de beat'em up développé par Capcom qui fût à l'origine prévue pour être la suite de Résident Evil 1 et 4 mais s'éloignant trop du concept de base, on y incarne le plus souvent un chasseur de démon du nom de Dante.Devil May Cry
33%
#63 - Saga de jeux de courses en monde ouvert de Microsoft, où le joueur peut effectuer diverses courses à objectifs différents pour obtenir de la réputation ou encore de l'argent.Forza Horizon
33%
#22 - Plateformer indépendant qui a reçu un très bon accueil, où l'objectif est d'atteindre le sommet d'une montagne dans plus de 600 niveaux et 8 chapitres réservant de nombreux secrets.Celeste
32%
#14 - Vendu à plus de 5 millions d'exemplaires 10 jours après sa sortie, il s'agit du jeu de tir multijoueur le plus populaire de Electronic Arts. On y retrouve des cartes comme Opération Métro, et des personnages du mode campagne comme le Sergent Henry Blackburn.Battlefield 3
30%
#19 - Jeu d'action à la troisième personne nous emmenant à la Bullworth Academy, où on y incarne un ado peu fréquentable et prêt à tout pour s'imposer dans l'établissement.Bully
29%
#60 - TPS à l'ère médiévale d'Ubisoft, où le joueur peut y incarner un viking, un samouraï, ou encore un chevalier et affronter leurs adversaires en mode campagne ou multijoueur.For Honor
29%
#3 - Jeu d'action-aventure de type survival horror, développé par Remedy Entertainment, où on y incarne un auteur à succès de thriller policier à la recherche de sa femme disparue.Alan Wake
28%
#38 - Saga de jeux de tir à la première personne pouvant être joué en PVE comme en PVP, développé par Bungie, prenant place dans un futur lointain et qui est souvent qualifié comme un MMO sans pour autant l'être.Destiny
27%
#10 - Saga de jeu de rôle mythique se déroulant dans l'univers Donjons et Dragons, développé par Bioware à la base et repris par Larian Studio qui développe le troisième opus de cette saga actuellement en accès anticipé.Baldur's Gate
26%
#17 - Exclusivité PlayStation 4 dans un univers dark-fantasy très connu du public, se déroulant dans la ville gothique en ruine de Yharnam.Bloodborne
25%
#24 - City builder faisant concurrence à Sim City et développé par Paradox Interactive, laissant place à l'imagination du joueur pour créer sa ville dans un jeu sans fin.Cities Skyline
25%
#37 - Avez-vous déjà entendu parler d'Arkane Studio ? Alors, si vous je vous dit : boucle-temporelle.Deathloop
25%
#45 - Autrefois appelé Pro Evolution Soccer par Konami.eFootball
22%
#8 - Jeu offert avec la PlayStation 5 de Sony.Astro Playroom's
21%
#29 - Jeu d'action-aventure finlandais où l'histoire se déroule à New York, où on y incarne une femme ayant obtenue des pouvoirs psychique tel que la télékinésie l'aidant à se battre.Control
21%
#53 - Saga d'action-RPG de Microsoft sortie pour la première fois en 2004, où le principe du jeu est de diriger un personnage depuis l'enfance jusqu'à ce qu'il devienne une personne âgée dans le royaume d'Albion.Fable
21%
#59 - Jeu de type walking-simulator conçu par Campo Santo, où on y incarne Henry, tourmenté par son passé et qui décide du jour au lendemain de surveiller des feux de forêts.Firewatch
20%
#25 - Jeu d'action multijoueur sortie en 2012 pour la première fois, et inspiré des combats épiques médiévaux, laissant le choix au joueur d'affronter ses adversaires à l'épée, à cheval, et bien plus encore.Chivalry
19%
#64 - Jeu de survie et de gestion conçu par les créateurs de This War of Mine, dans lequel le joueur évolue dans un monde glacial et dévasté, tout en gérant sa colonie et les problèmes que ça procure.Frostpunk
19%
#34 - Survival-horror exclusif à la PlayStation 4 au départ, le jeu se déroule dans un contexte apocalyptique dans le Nord-ouest des States, où on y incarne un biker du nom de Deacon.Days Gone
18%
#23 - Célèbre saga au tour par tour de Square en deux dimensions ayant inspiré bon nombre de jeux-vidéos, qui relate les exploits d'un groupe de jeunes aventuriers transportés accidentellement dans le temps.Chrono Trigger
16%
#36 - Saga de jeux de type beat them all développé par Capcom basé sur l'univers des zombies en monde ouvert, qui s'est vendu à près de 14 millions d'exemplaires.Dead Rising
16%
#61 - Nouveau jeu de Square Enix sorti en 2023, où le joueur incarne une orpheline new-yorkaise du nom de Frey, qui se retrouve téléporté mystérieuses dans le monde de Athia.Forspoken
16%
#43 - Saga de RPG développé par Bioware dans un univers dark-fantasy, où le joueur y créer son personnage et effectue des choix changeant drastiquement l'histoire.Dragon Age
15%
#44 - Jeu d'outil de création réservé à la PlayStation, où n'importe quel joueur peut y créer des jeux et les partager à la communauté.Dreams
14%
#27 - Jeu de survie et d'aventure PVE dans un monde barbare, où le personnage jouable commence son aventure dans un désert et peut se servir de ressources naturelles pour fabriquer ou encore construire.Conan Exiles
13%
#33 - Jeu de type rogue-like, où on doit contrôler une équipe d'aventuriers qui explore des donjons sans possibilité de sauvegarde, ce qui augmente grandement la difficulté du jeu.Darkest Dungeon
12%
#39 - Saga de jeux de tir édité par Eidos Interactive puis par Square Enix, les jeux proposent des éléments de gameplay issus des RPG et des jeux d'infiltrations, le tout dans un univers dystopique et cyberpunk où plusieurs factions secrètes souhaites controler le monde.Deus Ex
12%
#52 - Jeu à la première personne coopératif dévoilé en 2012 avant la faillite de THQ, puis sortie en 2014, où 4 joueurs chassent un monstre de type alien contrôlé par un cinquième joueur.Evolve
11%
#12 - Le tout premier action-RPG développé par Supergiant Games, où le joueur peut explorer plus de 40 décors différents, et où il doit percer le secret de Calamity.Bastion
9%
#13 - FPS multijoueur coopératif et free-to-play développé par Gearbox Software, proposant une panoplie complète de 25 héros jouables, jusqu'à qu'il ferme ses portes en 2021.Battleborn
9%
#26 - Souls-like dans un style animé en monde ouvert, dans lequel le joueur incarne un vampire appelé Revenant.Code Vein
7%
#56 - Standalone d'une saga très célèbre d'Ubisoft, où la Terre est ravagée par une guerre nucléaire commencée dans les années 1990, on y incarne le sergent Rex Colt qui doit récupérer des informations et découvrir ce qu'il se passe.Far Cry 3: Blood Dragon
7%
#15 - Jeu se déroulant dans une dystopie ultra autoritaire, où le joueur incarne un propriétaire d'immeuble qui doit espionné ses locataires sur les ordres de l'état.Beholder
6%
#48 - MMO spatiale, où le joueur prend le contrôle de son propre vaisseau à la première personne dans une voie lactée reproduite à grande échelle, et où on peut effectuer divers métiers pour obtenir des récompenses.Elite Dangerous
6%
#9 - RPG édité par Square Enix et exclusivement sortie sur PlayStation, ce jeu est un échec commercial critique, et fermera ses portes moins d'un an après sa sortie.Babylon's Fall
5%
#21 - Survival-horror de Devolver Digital, où on y incarne une créature extraterrestre qui se faufile à travers des conduits pour éliminer ses ennemis discrètement.Carrion
5%
#54 - Jeu indépendant de survie et de stratégie sorti en 2017, où le joueur doit survivre en trouvant et récoltant des ressources pour construire des outils et des machines et en faire des plus sophistiqués.Factorio
5%
#58 - Spin-off de la saga dans la question d'avant, où on y incarne le personnage de Vincent Valentine.Final Fantasy VII: Dirge of Cerberus
5%
#49 - Roguelike développé par Devolver Digital, où le joueur doit parcourir des étages en obtenant des objets actifs, passifs, ou encore des armes jusqu'à arriver au combat de boss.Enter the Gungeon
4%
#18 - Jeu d'action-aventure sortie sur toutes les plateformes, où nous entrons dans la peau de Miram, une orpheline, qui doit affronter des hordes de monstres invoqués par Gebel.Bloodstained : Ritual of the Night
3%
#46 - Jeu de type action-RPG édité par THQ Nordic et ayant reçu un accueil catastrophique par la presse, plongeant le joueur en plein cœur des conflits sur la planète Magalan à cause d'une ressource rare et précieuse tomber d'une météorite, celle-ci portant le même nom que le jeu.Elex
1%
#50 - Jeu francophone développé notamment par la chaine de télévision ARTE et édité par Plug In Digital, cela raconte l'histoire d'une femme se nommant Nour, fuyant la Syrie pour y rejoindre l'EuropeEnterre-moi, mon Amour
1%

Distribution des résultats

Percentile par nombre de réponses

% des personnes avec chaque résultat

Votre développement - résultats

Vous n’avez pas pris ce quiz depuis la dernière actualisation